00524nam a2200181Ii 450000100060000000300090000600800410001504000330005604100080008908200160009710000280011324500380014126400700017930000120024933600260026133700280028733800270031510905CO-ViMGA241108s9999||||xx |||||||||||||| ||und|| aCO-ViMGAbspaerdacCO-ViMGA0 aunk04a863.09-M2981 aJosé Antonio Maravall10aEl Mundo Social de "la Celestina" 1a[Lugar de publicación no identificado] : Editorial Gredos, 1964 avolumen atextbtxt2rdacontent aunmediatedbn2rdamedia avolumebnc2rdacarrier